Football - Effectif FC Nantes 2025/2026 - Statistiques

Statistiques générales
  • Ce quiz a été pris 14 fois
  • Le résultat moyen est 14 sur 29
Statistiques - réponses
Poste Joueur % Correct
Gardien Anthony Lopes
100%
Millieu Johann Lepenant
86%
Attaquant Mathis Abline
86%
Défenseur Tylel Tati
86%
Défenseur Chidozie Awaziem
71%
Attaquant Herba Guirassy
71%
Attaquant Mostafa Mohamed
71%
Défenseur Nicolas Cozza
71%
Gardien Alexis Mirbach
57%
Défenseur Fabien Centonze
57%
Défenseur Frédéric Guilbert
57%
Millieu Ibrahima Sissoko
57%
Attaquant Ignatius Ganago
57%
Millieu Rémy Cabella
57%
Millieu Bahmed Deuff
43%
Défenseur Kelvin Amian
43%
Millieu Louis Leroux
43%
Défenseur Mathieu Acapandié
43%
Attaquant Youssef El Arabi
43%
Attaquant Amady Camara
29%
Millieu Dehmaine Tadibou
29%
Millieu Francis Coquelin
29%
Millieu Mohamed Kaba
29%
Gardien Patrick Carlgen
29%
Défenseur Sékou Doucouré
29%
Défenseur Uros Radakovic
29%
Défenseur Abakar Sylla
14%
Défenseur Deiver Machado
14%
Défenseur Ali Youssif
0%
Aucun quiz correspondant
Distribution des résultats
% des personnes avec chaque résultat
Percentile par nombre de réponses
Votre historique - résultats
Vous n’avez pas pris ce quiz